|
|
|
|
| LEADER |
01047cam a2200205ua 4500 |
| 082 |
|
|
|a 025.1
|b RAN/L
|
| 245 |
0 |
0 |
|a Library administration /
|
| 250 |
|
|
|a 2nd ed.
|
| 260 |
|
|
|a Bangalore:
|b Sarada Ranganathan Endowment,
|c 1959.
|
| 300 |
|
|
|a 678p..
|
| 500 |
|
|
|a Includes index and bibliography.
|
| 650 |
|
|
|a Library management
|
| 650 |
0 |
|
|a Library Science
|
| 700 |
0 |
2 |
|a Ranganathan, S.R,
|
| 942 |
|
|
|c BK
|
| 999 |
|
|
|c 8096
|d 8096
|
| 952 |
|
|
|0 0
|1 0
|4 0
|6 025_100000000000000_RAN
|7 0
|9 8467
|a KUCL
|b KUCL
|d 2014-05-23
|l 1
|o 025.1 RAN/
|p 01356
|r 2020-03-23
|s 2020-03-23
|w 2014-05-23
|y BK
|
| 952 |
|
|
|0 0
|1 0
|4 0
|6 025_100000000000000_RANL
|7 0
|8 Stack
|9 61326
|a KUCL
|b KUCL
|c Stack
|d 2018-07-04
|g 1400.00
|l 1
|o 025.1 RAN/L
|p 46455
|r 2019-10-01
|s 2019-08-21
|w 2018-07-04
|y BK
|
| 952 |
|
|
|0 0
|1 0
|4 0
|6 025_100000000000000_RANL
|7 0
|8 Stack
|9 61339
|a KUCL
|b KUCL
|c Stack
|d 2018-07-04
|l 1
|o 025.1 RAN/L
|p 46442
|r 2019-09-23
|s 2019-08-21
|w 2018-07-04
|y BK
|
| 952 |
|
|
|0 0
|1 0
|4 0
|6 025_100000000000000_RANL
|7 0
|8 Stack
|9 61340
|a KUCL
|b KUCL
|c Stack
|d 2018-07-04
|l 1
|o 025.1 RAN/L
|p 46443
|r 2019-08-24
|s 2019-08-21
|w 2018-07-04
|y BK
|